[Event "Thessaloniki ol (Men)"]
[Site "Thessaloniki"]
[Date "1988.??.??"]
[Round "13"]
[White "Speelman, Jonathan S"]
[Black "Mascarinas, Rico"]
[Result "1/2-1/2"]
[WhiteElo "2645"]
[BlackElo "2455"]

1.Nf3 Nf6 2.c4 c5 3.Nc3 Nc6 4.d4 cxd4 5.Nxd4 d6 6.g3 g6 7.Bg2 Bd7 8.Nb3 b6
9.Bg5 Bg7 10.Nd5 Nxd5 11.cxd5 Na5 12.Nd4 h6 13.Be3 Rc8 14.b3 O-O 15.O-O Kh7
16.Qd3 e5 17.dxe6 fxe6 18.h4 Qe8 19.h5 d5 20.Nf3 Bb5 21.hxg6+ Kg8 22.Qd2 Bc3
23.Qd1  1/2-1/2

[Event "OHRA-A"]
[Site "Amsterdam"]
[Date "1989.??.??"]
[Round "?"]
[White "Beliavsky, Alexander G"]
[Black "Speelman, Jonathan S"]
[Result "1/2-1/2"]
[WhiteElo "2620"]
[BlackElo "2615"]

1.d4 Nf6 2.c4 e6 3.g3 d5 4.Bg2 Be7 5.Nf3 O-O 6.O-O dxc4 7.Qc2 a6 8.Qxc4 b5
9.Qc2 Bb7 10.Bd2 Be4 11.Qc1 Nbd7 12.Ba5 Rc8 13.Nc3 Bb7 14.a4 b4 15.Na2 Qe8
16.Bxb4 c5 17.dxc5 Nxc5 18.Qd1 Rd8 19.Qc2 Be4 20.Qc4 Bd5 21.Qf4 Bd6 22.Qe3 Nb3
23.Bxd6 Rxd6 24.Qf4 Bxf3 25.Qxd6 Bxg2 26.Kxg2 Nxa1 27.Rxa1 Qxa4 28.Qb4 Qc6+  1/2-1/2

[Event "OHRA-A"]
[Site "Amsterdam"]
[Date "1989.??.??"]
[Round "?"]
[White "Gulko, Boris F"]
[Black "Speelman, Jonathan S"]
[Result "1/2-1/2"]
[WhiteElo "2610"]
[BlackElo "2615"]

1.d4 e6 2.c4 Bb4+ 3.Bd2 Qe7 4.g3 f5 5.Bg2 Nf6 6.Nf3 Bxd2+ 7.Qxd2 d6 8.Nc3 e5
9.dxe5 dxe5 10.e4 Nxe4 11.Nxe4 fxe4 12.Ng5 e3 13.Qxe3 Qb4+ 14.Qc3 Qxc3+ 15.bxc3 h6
16.Nf3 Nc6 17.Rb1 Bg4 18.h3 Bxf3 19.Bxf3 O-O-O 20.Ke2 Rd6 21.Rhd1 Rf6 22.Be4 Rhf8
23.f3 b6 24.Rd5 Na5 25.c5 Re8 26.cxb6  1/2-1/2

[Event "OHRA-A"]
[Site "Amsterdam"]
[Date "1989.??.??"]
[Round "?"]
[White "Kortschnoj, Viktor"]
[Black "Speelman, Jonathan S"]
[Result "1/2-1/2"]
[WhiteElo "2655"]
[BlackElo "2615"]

1.d4 Nf6 2.c4 e6 3.Nc3 Bb4 4.Qc2 Nc6 5.e3 O-O 6.Ne2 Re8 7.a3 Bf8 8.g3 d5
9.Bg2 dxc4 10.Qa4 e5 11.d5 Nd4 12.exd4 exd4 13.O-O dxc3 14.Nxc3 Nd7 15.Qxc4 Ne5
16.Qb3 h5 17.Ne4 Bg4 18.Bf4 Ng6 19.Be3 Bf5 20.Ng5 Bd6 21.h4 Ne5 22.Bd4 b6
23.Qc3 Qd7 24.Ne6 f6 25.Nf4 Ng6 26.Nxg6  1/2-1/2

[Event "OHRA-A"]
[Site "Amsterdam"]
[Date "1989.??.??"]
[Round "?"]
[White "Speelman, Jonathan S"]
[Black "Beliavsky, Alexander G"]
[Result "1/2-1/2"]
[WhiteElo "2615"]
[BlackElo "2620"]

1.e4 e5 2.Nf3 Nc6 3.Bb5 a6 4.Ba4 Nf6 5.O-O Be7 6.Re1 b5 7.Bb3 d6 8.c3 O-O
9.h3 Nd7 10.d3 Nb6 11.Be3 Na5 12.Bc2 c5 13.Nbd2 Nc6 14.d4 exd4 15.cxd4 f5
16.dxc5 dxc5 17.Qc1 Kh8 18.exf5 Bxf5 19.Be4 Rc8 20.Bxc5 Bxc5 21.Qxc5 Na4
22.Qa3 Nd4 23.Nxd4 Qxd4 24.Bxf5 Rxf5 25.Ne4 Nxb2 26.Qxa6 Rcf8 27.Qd6 Qxd6
28.Nxd6 Rd5 29.Ne4 h6 30.Rab1 Nc4 31.Re2 Re5 32.Nc3 Rxe2 33.Nxe2 Ra8 34.Nc3 Ra3
35.Rb3 Rxb3 36.axb3 Na5 37.b4 Nc6 38.Nd5 Kg8 39.f4 Kf7 40.Kf2 Ke6 41.Nc7+ Kf5
42.Ke3 Nxb4 43.g4+ Kf6 44.Ke4 Nc6 45.Nxb5 Ne7 46.Nc7 Ng6 47.Nd5+ Kf7 48.Ne3 Ne7
49.h4 Ng6 50.h5 Nf8 51.Ke5 Nd7+ 52.Kd5 Nf6+ 53.Kd6 g6 54.hxg6+ Kxg6 55.Ke5 h5
56.f5+ Kg5 57.gxh5 Nxh5 58.Nc4 Kh6 59.Nb6 Kg7 60.Ke6 Nf4+ 61.Ke7 Ng6+  1/2-1/2

[Event "OHRA-A"]
[Site "Amsterdam"]
[Date "1989.??.??"]
[Round "?"]
[White "Speelman, Jonathan S"]
[Black "Gulko, Boris F"]
[Result "1/2-1/2"]
[WhiteElo "2615"]
[BlackElo "2610"]

1.Nf3 Nf6 2.c4 c5 3.Nc3 Nc6 4.d4 cxd4 5.Nxd4 e6 6.a3 Be7 7.g3 d5 8.Bg2 O-O
9.O-O Re8 10.cxd5 exd5 11.Be3 Be6 12.Rc1 Qd7 13.Nxe6 fxe6 14.Bh3 Bf8 15.Nb5 Qf7
16.Nd4 Na5 17.Nf3 Ne4 18.Qd3 Nc6  1/2-1/2

[Event "OHRA-A"]
[Site "Amsterdam"]
[Date "1989.??.??"]
[Round "?"]
[White "Speelman, Jonathan S"]
[Black "Kortschnoj, Viktor"]
[Result "1/2-1/2"]
[WhiteElo "2615"]
[BlackElo "2655"]

1.e4 e5 2.Nf3 Nc6 3.Bb5 a6 4.Ba4 Nf6 5.O-O Be7 6.Re1 b5 7.Bb3 d6 8.c3 O-O
9.h3 Be6 10.d4 Bxb3 11.Qxb3 d5 12.exd5 Na5 13.Qc2 exd4 14.cxd4 Nxd5 15.Nc3 Nxc3
16.Qxc3 Nc4 17.Bf4 Bd6 18.Ne5 Qf6 19.Bg3 Nb6 20.Rac1 Rfe8 21.Qc6 Bb4 22.Red1 Qxc6
23.Nxc6 Bd6 24.Bxd6 cxd6 25.Na5 Re2 26.Rc6 Nc4 27.Nxc4 bxc4 28.b3 cxb3 29.axb3 d5
30.Ra1 Re6 31.Raxa6 Re1+ 32.Kh2 Rae8 33.Rc7 R1e2 34.f3 Rd2 35.Raa7 Rf8 36.b4 Rxd4
37.b5 Rb4 38.Rab7 h5 39.Rd7 d4 40.h4 g6 41.Kg3 Kg7 42.Rd6 Re8 43.b6 d3 44.Rdd7 Kg8
45.Rxf7 Rxb6 46.Rg7+ Kh8 47.Rh7+ Kg8 48.Rbg7+ Kf8 49.Rc7 Kg8 50.Rhg7+ Kh8
51.Rgd7 Rbe6 52.Kf4 d2 53.Rxd2 R8e7 54.Rdd7 Rxd7 55.Rxd7 Re2 56.Kg5 Rxg2+
57.Kh6 Kg8 58.Rg7+ Kf8 59.Rxg6 Rf2 60.Rg3 Kf7 61.Kxh5 Ra2 62.Kh6 Ra6+ 63.Kh7 Rf6
64.h5 Kf8 65.h6 Kf7  1/2-1/2

[Event "OHRA-A"]
[Site "Amsterdam"]
[Date "1989.??.??"]
[Round "?"]
[White "Speelman, Jonathan S"]
[Black "Piket, Jeroen"]
[Result "1-0"]
[WhiteElo "2615"]
[BlackElo "2540"]

1.e4 c5 2.Nf3 Nc6 3.d4 cxd4 4.Nxd4 Nf6 5.Nc3 d6 6.Bg5 e6 7.Qd2 Be7 8.O-O-O O-O
9.Nb3 Qb6 10.f3 Rd8 11.Be3 Qc7 12.Qf2 Nd7 13.Nb5 Qb8 14.Qg3 Nf6 15.Nc3 Bd7
16.h4 Kh8 17.h5 h6 18.Kb1 Rc8 19.Qf2 Ne5 20.g4 Nh7 21.Rg1 b5 22.f4 Nc4 23.e5 Nxe3
24.Qxe3 b4 25.exd6 Bxd6 26.Qd4 bxc3 27.Qxd6 Qxd6 28.Rxd6 Bc6 29.Ba6 Rc7 30.Nd4 Be8
31.g5 Rb8 32.b3 Rc5 33.gxh6 gxh6 34.f5 Rd5 35.Rxd5 exd5 36.Rg3 Rb6 37.Be2 Rb4
38.Rd3 Bb5 39.Nxb5 Rxb5 40.Rxc3 Rb7 41.Rc6 Kg7 42.Rd6 Nf6 43.Bf3 Re7 44.Bxd5 Nxh5
45.b4 Nf6 46.Bc6 h5 47.b5 Ne4 48.Rd4 Ng3 49.a4 Nxf5 50.Rd3 Ne3 51.a5 Nc4
52.Bd5 Ne3 53.Bc6 Nc4 54.a6 Ne5 55.Rg3+ Kf6 56.Bb7 Re6 57.Bd5 Rd6 58.c4 h4
59.Rb3 Nd7 60.Rf3+ Ke5 61.Rxf7 Kd4 62.Kc2 h3 63.Kb3 h2 64.Rh7 Kc5 65.Rxh2 Nb6
66.Rh8 Rg6 67.Rh5 Rg3+ 68.Bf3+ Kd4 69.Rf5 Rg1 70.c5 Rb1+ 71.Kc2 Rxb5 72.cxb6  1-0

[Event "World Cup"]
[Site "Barcelona"]
[Date "1989.??.??"]
[Round "?"]
[White "Nikolic, Predrag"]
[Black "Speelman, Jonathan S"]
[Result "1/2-1/2"]
[WhiteElo "2605"]
[BlackElo "2640"]

1.d4 d6 2.Nf3 g6 3.g3 Bg7 4.Bg2 Nf6 5.O-O O-O 6.c4 c6 7.b3 Qa5 8.Qd2 Qh5
9.Nc3 e5 10.dxe5 dxe5 11.Ng5 Na6 12.Ba3 Re8 13.Rad1 Bf5 14.Nce4 Bxe4 15.Nxe4 Nxe4
16.Bxe4 Bf8 17.Bb2 Nc5 18.Qc2 a5 19.Bg2 Bg7 20.a3 Re7 21.Rd6 Rae8 22.b4 axb4
23.axb4 Ne6 24.Bf3 Qh3  1/2-1/2

[Event "World Cup"]
[Site "Barcelona"]
[Date "1989.??.??"]
[Round "?"]
[White "Hjartarson, Johann"]
[Black "Speelman, Jonathan S"]
[Result "1/2-1/2"]
[WhiteElo "2615"]
[BlackElo "2640"]

1.Nf3 Nf6 2.c4 b6 3.g3 c5 4.Bg2 Bb7 5.O-O g6 6.b3 Bg7 7.Bb2 O-O 8.Nc3 Na6
9.Rc1 d5 10.Nxd5 Nxd5 11.Bxg7 Kxg7 12.cxd5 Qxd5 13.d4 cxd4 14.Qxd4+ Qxd4
15.Nxd4 Bxg2 16.Kxg2  1/2-1/2

[Event "Hastings8990"]
[Site "Hastings"]
[Date "1989.??.??"]
[Round "?"]
[White "Speelman, Jonathan S"]
[Black "Chandler, Murray G"]
[Result "1-0"]
[WhiteElo "2615"]
[BlackElo "2585"]

1.Nf3 c5 2.g3 g6 3.Bg2 Bg7 4.O-O Nc6 5.c4 e6 6.Nc3 Nge7 7.d3 O-O 8.Bd2 b6
9.a3 d5 10.Rb1 Bb7 11.cxd5 exd5 12.b4 c4 13.b5 Na5 14.Na4 Rc8 15.d4 Nb3 16.Bb4 Re8
17.e3 a6 18.bxa6 Bxa6 19.Nd2 Nc6 20.Nxb3 cxb3 21.Qxb3 Bc4 22.Qb2 Nxb4 23.axb4 Bxf1
24.Rxf1 Rc4 25.Nc3 Qd6 26.Nxd5 Rec8 27.b5 Bf8 28.Qa1 Be7 29.Nxe7+ Qxe7 30.Bc6 h5
31.h4 g5 32.Qd1 gxh4 33.Qxh5 hxg3 34.Qg4+ Kh7 35.Be4+ Kh6 36.Qh3+  1-0

[Event "Hastings8990"]
[Site "Hastings"]
[Date "1989.??.??"]
[Round "?"]
[White "Dolmatov, Sergey"]
[Black "Speelman, Jonathan S"]
[Result "1-0"]
[WhiteElo "2615"]
[BlackElo "2615"]

1.e4 c6 2.d4 d5 3.exd5 cxd5 4.c4 Nf6 5.Nc3 e6 6.Nf3 Bb4 7.Bd3 dxc4 8.Bxc4 O-O
9.O-O Nbd7 10.Bg5 Bxc3 11.bxc3 Qc7 12.Bd3 Qxc3 13.Rc1 Qa5 14.Ne5 Nxe5 15.Rc5 Qa3
16.dxe5 Qxc5 17.Bxf6 Re8 18.Bxh7+ Kxh7 19.Qh5+ Kg8 20.Qg5 Qf8 21.Rd1 b6 22.Rd4 Ba6
23.Rg4 Be2 24.Bxg7 Bxg4 25.Bxf8+ Kxf8 26.Qxg4 Rac8 27.h4 Ke7 28.Qg5+ Kd7
29.Qf4 a5 30.Qxf7+ Kc6 31.Qf3+ Kc5 32.Qe3+ Kc6 33.Qf3+ Kc5 34.Qa3+ Kc4 35.Qb3+ Kc5
36.a4 Rb8 37.Qc3+ Kd5 38.f4 Ke4 39.Qf3+ Kd4 40.Qc6 Ke3 41.Qc1+ Ke2 42.h5 Rec8
43.Qf1+ Kd2 44.Qb5 Ke3 45.g3 Kd4 46.Kg2 Kc3 47.h6 Rh8 48.Qd7 b5 49.axb5 a4
50.b6 a3 51.Qa4 Kb2 52.Qb4+ Ka2 53.h7 Rbc8 54.b7 Rc2+ 55.Kf3 Rb2 56.Qc4+ Rb3+
57.Kg4 Kb2 58.Qc8 Rxh7 59.b8=Q Rg7+ 60.Kh5 Rxg3 61.Qd6 Rh3+ 62.Kg6 Rbg3+
63.Kf7 Rh7+ 64.Kxe6 Rh6+ 65.Kf5 Rxd6 66.exd6 a2 67.d7 a1=Q 68.Qb7+  1-0

[Event "Hastings8990"]
[Site "Hastings"]
[Date "1989.??.??"]
[Round "?"]
[White "Gulko, Boris F"]
[Black "Speelman, Jonathan S"]
[Result "1-0"]
[WhiteElo "2610"]
[BlackElo "2615"]

1.d4 d6 2.Nf3 g6 3.c4 Bg7 4.Nc3 Bg4 5.e3 Nf6 6.Be2 O-O 7.h3 Bf5 8.Nd2 a6
9.e4 Bc8 10.O-O c6 11.Nf3 b5 12.e5 Ne8 13.Bf4 Nd7 14.exd6 exd6 15.a3 bxc4
16.Bxc4 Nb6 17.Ba2 Be6 18.Bxe6 fxe6 19.Bh2 Nd5 20.Qe2 Qd7 21.Rfe1 Nec7 22.Nxd5 cxd5
23.Rac1 Rae8 24.a4 Bh6 25.Rc3 Rb8 26.Qc2 Rfc8 27.Bg3 Ne8 28.Rxc8 Rxc8 29.Qe2 Nc7
30.b3 Rb8 31.Qd3 Rb6 32.Bh4 Rc6 33.Bg5 Bg7 34.Qd2 Qe8 35.Bh6 Bxh6 36.Qxh6 Qf8
37.Qd2 Kg7 38.Rc1 Qa8 39.h4 h6 40.Nh2 Ne8 41.Ng4 h5 42.Qh6+ Kf7 43.Qh7+ Kf8
44.Re1 hxg4 45.Rxe6 Qc8 46.Qe7+  1-0

[Event "Hastings8990"]
[Site "Hastings"]
[Date "1989.??.??"]
[Round "?"]
[White "Nikolic, Predrag"]
[Black "Speelman, Jonathan S"]
[Result "1/2-1/2"]
[WhiteElo "2600"]
[BlackElo "2615"]

1.d4 Nf6 2.Nf3 e6 3.c4 d5 4.Nc3 Be7 5.Bg5 h6 6.Bxf6 Bxf6 7.Qd2 Nc6 8.e3 a6
9.cxd5 exd5 10.Be2 O-O 11.O-O Re8 12.Rfc1 Be7 13.Qd1 Na7 14.Ne5 c6 15.Bh5 Rf8
16.a4  1/2-1/2

[Event "Hastings8990"]
[Site "Hastings"]
[Date "1989.??.??"]
[Round "?"]
[White "Speelman, Jonathan S"]
[Black "Dolmatov, Sergey"]
[Result "1/2-1/2"]
[WhiteElo "2615"]
[BlackElo "2615"]

1.e4 e6 2.d4 d5 3.Nd2 c5 4.exd5 exd5 5.Ngf3 a6 6.dxc5 Bxc5 7.Nb3 Be7 8.Bd3 Nf6
9.h3 O-O 10.O-O Nc6 11.Re1 Re8 12.Bg5 h6 13.Bxf6 Bxf6 14.Rxe8+ Qxe8 15.c3 Qd8
16.Bc2 Ne7 17.Nbd4 Qd6 18.Qd3 g6 19.Re1 Bd7 20.Qe3 Kg7 21.Ne5 Bxe5 22.Qxe5+ Qxe5
23.Rxe5 Kf6 24.Re3 Nc6 25.Bb3 Be6 26.Ne2 g5 27.f3 Rd8 28.Rd3 b5 29.Nd4 Nxd4
30.cxd4 Rc8 31.Rc3 Rxc3 32.bxc3 Ke7 33.Kf2 f6 34.Kg3 Kf7 35.h4 Kg6 36.Bc2+ Kg7
37.f4 Kf7 38.Bd1 Kg6 39.Bf3 Kg7 40.Bh5 Bd7 41.a3 Be6 42.Be8 Kf8 43.Bg6 Kg7
44.Bh5 Bd7 45.Bg4 Bxg4 46.Kxg4 gxh4 47.f5  1/2-1/2

[Event "Hastings8990"]
[Site "Hastings"]
[Date "1989.??.??"]
[Round "?"]
[White "Speelman, Jonathan S"]
[Black "Gulko, Boris F"]
[Result "1-0"]
[WhiteElo "2615"]
[BlackElo "2610"]

1.e4 c5 2.Nf3 Nc6 3.d4 cxd4 4.Nxd4 Nf6 5.Nc3 d6 6.Bg5 Qb6 7.Nb3 e6 8.Bf4 Ne5
9.Be3 Qc7 10.f4 Nc6 11.g4 d5 12.e5 Nd7 13.Nb5 Qd8 14.h4 f6 15.Nd6+ Bxd6 16.exd6 Nb6
17.g5 O-O 18.Qd2 Na4 19.O-O-O a6 20.g6 Qxd6 21.gxh7+ Kh8 22.h5 Bd7 23.Bd3 d4
24.h6 gxh6 25.Qg2 Nb4 26.Rdg1 Nxd3+ 27.Kb1  1-0

[Event "Hastings8990"]
[Site "Hastings"]
[Date "1989.??.??"]
[Round "?"]
[White "Speelman, Jonathan S"]
[Black "Jussupow, Artur"]
[Result "1-0"]
[WhiteElo "2615"]
[BlackElo "2610"]

1.e4 e5 2.Nf3 Nc6 3.Bc4 Bc5 4.c3 Nf6 5.d3 d6 6.O-O O-O 7.Nbd2 a6 8.Bb3 Be6
9.Nc4 h6 10.Re1 Ne7 11.d4 exd4 12.cxd4 Ba7 13.d5 Bg4 14.Be3 Bxe3 15.Nxe3 Bh5
16.Nf1 Ng6 17.Ng3 Bxf3 18.Qxf3 Nd7 19.Rac1 Nde5 20.Qe3 c6 21.dxc6 bxc6 22.Nf5 Nh4
23.Red1 Nxf5 24.exf5 a5 25.Qd4 Re8 26.Ba4 Rc8 27.h3 Qf6 28.Rc3 Qxf5 29.Qxd6 Re6
30.Qd2 Rce8 31.Bb3 R6e7 32.Bc2 Qf6 33.Re3 Qg5 34.Qd4 c5 35.Qc3 g6 36.Ba4 Rb8
37.Rde1 f6 38.Qxa5 Kf8 39.Rd1 c4  1-0

[Event "Hastings8990"]
[Site "Hastings"]
[Date "1989.??.??"]
[Round "?"]
[White "Speelman, Jonathan S"]
[Black "Nikolic, Predrag"]
[Result "1/2-1/2"]
[WhiteElo "2615"]
[BlackElo "2600"]

1.Nf3 d5 2.d4 Nf6 3.c4 dxc4 4.Nc3 c6 5.a4 Bg4 6.Ne5 Bh5 7.f3 Nfd7 8.Nxc4 e5
9.Ne4 Bb4+ 10.Bd2 Qe7 11.h4 exd4 12.Bxb4 Qxb4+ 13.Kf2 O-O 14.Qxd4 b5 15.Ng3 Nf6
16.e4 bxc4 17.e5 c5 18.Qc3 Nd5 19.Qxb4 cxb4 20.Bxc4 Nb6 21.Bb3 Bg6 22.Rhd1 Na6
23.a5 Nc5 24.axb6 Nxb3 25.Rxa7 Nc5 26.Rd5 Na4 27.Rxa8 Rxa8  1/2-1/2

[Event "Hastings8990"]
[Site "Hastings"]
[Date "1989.??.??"]
[Round "?"]
[White "Speelman, Jonathan S"]
[Black "Spraggett, Kevin"]
[Result "1/2-1/2"]
[WhiteElo "2615"]
[BlackElo "2585"]

1.Nf3 Nf6 2.c4 g6 3.Nc3 Bg7 4.e4 d6 5.d4 O-O 6.h3 e5 7.d5 Nbd7 8.Bg5 h6 9.Be3 Nc5
10.Nd2 a5 11.Be2 c6 12.a3 Nfd7 13.b4 f5 14.exf5 gxf5 15.dxc6 bxc6 16.bxc5 f4
17.Nde4 fxe3 18.O-O exf2+ 19.Rxf2 Rxf2 20.Kxf2 Nxc5 21.Nxc5  1/2-1/2

[Event "Hastings8990"]
[Site "Hastings"]
[Date "1989.??.??"]
[Round "?"]
[White "Spraggett, Kevin"]
[Black "Speelman, Jonathan S"]
[Result "1/2-1/2"]
[WhiteElo "2585"]
[BlackElo "2615"]

1.c4 e5 2.Nc3 d6 3.g3 f5 4.Bg2 Nf6 5.d3 Be7 6.Nf3 O-O 7.O-O Kh8 8.Bd2 Na6
9.Rb1 c6 10.b4 Nc7 11.b5 c5 12.Bg5 Ng8 13.Bc1 Bf6 14.Bb2 Ne7 15.Qc2 b6 16.Nd2 Rb8
17.a4 Bb7 18.Bxb7 Rxb7 19.e3 d5 20.a5 Ne6 21.axb6 axb6 22.cxd5 Nxd5 23.Nxd5 Qxd5
24.e4 Qd7 25.exf5 Ng5 26.h4 Nh3+ 27.Kh2 Qxf5 28.Ne4 Bxh4 29.f4 Nxf4 30.gxf4 exf4
31.Rf3 Qh5 32.Qg2 Rbf7 33.Kg1 Bf6 34.Rh3 Bh4 35.Rf1 Rg8 36.Qh2 Qg6+ 37.Kh1 Bg3
38.Nxg3 fxg3 39.Rxh7+ Qxh7 40.Qxh7+ Kxh7 41.Rxf7 Kg6 42.Rb7 Kf5 43.Rf7+ Kg4
44.Kg2 g5 45.Rf3 Ra8 46.Rxg3+ Kf5 47.Kf3 Ra4 48.Rg1 Rb4 49.Bc1 g4+ 50.Ke3 Rxb5
51.Rf1+ Ke5 52.Rf8 Rb3 53.Kd2 b5 54.Kc2 c4 55.Bb2+ Kd5 56.Bc3 Ra3 57.Rd8+ Ke6
58.d4 Ra2+ 59.Kb1 Ra3 60.Kc2 Ra2+ 61.Kb1 Ra3  1/2-1/2

[Event "Lloyds Bank op"]
[Site "London"]
[Date "1989.??.??"]
[Round "?"]
[White "Azmaiparashvili, Zurab"]
[Black "Speelman, Jonathan S"]
[Result "1-0"]
[WhiteElo "2575"]
[BlackElo "2615"]

1.c4 Nf6 2.Nc3 c5 3.Nf3 Nc6 4.d4 cxd4 5.Nxd4 Qb6 6.Nb3 e6 7.g3 Ne5 8.e4 Bb4
9.Qe2 d6 10.f4 Nc6 11.Be3 Qc7 12.Bg2 Bxc3+ 13.bxc3 b6 14.e5 dxe5 15.fxe5 Nd7
16.Nd4 Nxd4 17.cxd4 Bb7 18.Bxb7 Qxb7 19.O-O O-O 20.Qg4 f5 21.exf6 Nxf6 22.Qxe6+ Rf7
23.Rae1 Re8 24.Qf5 Qc8 25.Qxc8 Rxc8 26.c5 Nd5 27.Bd2 bxc5 28.Re5 Nf6 29.dxc5 Nd7
30.Rd5 Nxc5 31.Rc1 Rfc7 32.Bf4 Rc6 33.Rd6 Rb6 34.Rd2 Rf6 35.Rdc2  1-0

[Event "Lloyds Bank op"]
[Site "London"]
[Date "1989.??.??"]
[Round "?"]
[White "Bronstein, David I"]
[Black "Speelman, Jonathan S"]
[Result "1/2-1/2"]
[WhiteElo "2430"]
[BlackElo "2615"]

1.d4 Nf6 2.c4 e6 3.Nc3 Bb4 4.e3 c5 5.Bd3 O-O 6.Ne2 d5 7.cxd5 exd5 8.a3 cxd4
9.axb4 dxc3 10.b5 Bg4 11.Qc2 Nbd7 12.Nxc3 Nc5 13.O-O Re8 14.f3 Bh5 15.Ne2 Qb6
16.Nf4 Bg6 17.Nxg6 hxg6 18.Bd2 Rac8 19.Rfe1 d4 20.exd4 Ne6 21.Bc3 Nd5 22.Ra4 Nef4
23.Re4 f5 24.Rxe8+ Rxe8 25.Bc4 Kh7 26.Qf2 g5 27.Bd2 Qc7 28.b3 Nb6 29.Bxf4 Qxf4
30.Ra1 Nxc4 31.bxc4 Re2 32.Qxe2 Qxd4+ 33.Kf1 Qxa1+ 34.Kf2 Qd4+ 35.Kf1 Qa1+  1/2-1/2

[Event "Lloyds Bank op"]
[Site "London"]
[Date "1989.??.??"]
[Round "?"]
[White "Harandi, Khosro"]
[Black "Speelman, Jonathan S"]
[Result "0-1"]
[WhiteElo "2430"]
[BlackElo "2615"]

1.e4 c5 2.Nf3 d6 3.d4 cxd4 4.Nxd4 Nf6 5.Nc3 Nc6 6.Bg5 e6 7.Qd2 Be7 8.O-O-O O-O
9.Ndb5 Qa5 10.Bxf6 Bxf6 11.Nxd6 Rd8 12.Nc4 Rxd2  0-1

[Event "Lloyds Bank op"]
[Site "London"]
[Date "1989.??.??"]
[Round "?"]
[White "Speelman, Jonathan S"]
[Black "Kosten, Anthony C"]
[Result "1-0"]
[WhiteElo "2615"]
[BlackElo "2500"]

1.Nf3 c5 2.c4 g6 3.d4 Bg7 4.e4 cxd4 5.Nxd4 Nc6 6.Be3 Nf6 7.Nc3 Ng4 8.Qxg4 Nxd4
9.Qd1 Ne6 10.Rc1 O-O 11.Bd3 d6 12.b4 a5 13.a3 axb4 14.axb4 Bd7 15.O-O Re8
16.Bb1 Ra3 17.Qd2 Rb3 18.Nd5 Bc6 19.Bc2 Ra3 20.Bb6 Qa8 21.f4 Bxd5 22.exd5 Qa6
23.dxe6 Qxb6+ 24.c5 dxc5 25.exf7+ Kxf7 26.f5 cxb4+ 27.Kh1 Kg8 28.fxg6 hxg6
29.Qd5+ Kh8 30.Rf4 e6 31.Qg5 e5 32.Rh4+ Kg8 33.Bxg6 Qf6 34.Qg4 Rc3 35.Rd1 Rec8
36.Rh5 R3c4 37.Rd8+ Rxd8 38.Qxc4+ Kf8 39.Qxb4+ Qd6 40.Rf5+ Ke7 41.Rf7+ Ke6
42.Qg4+ Kd5 43.Rxg7 Kc5 44.h3 Ra8 45.Rxb7  1-0

[Event "Lloyds Bank op"]
[Site "London"]
[Date "1989.??.??"]
[Round "?"]
[White "Speelman, Jonathan S"]
[Black "Burgess, Graham"]
[Result "1-0"]
[WhiteElo "2615"]
[BlackElo "2350"]

1.e4 Nf6 2.e5 Nd5 3.d4 d6 4.Nf3 Bg4 5.Be2 c6 6.c4 Nb6 7.Nbd2 dxe5 8.Nxe5 Bf5
9.Nf1 N8d7 10.Bf4 e6 11.Ne3 Nxe5 12.Bxe5 Bg6 13.O-O f6 14.Bg3 Be7 15.c5 Nd5
16.Nxd5 exd5 17.Bh5 O-O 18.Bxg6 hxg6 19.Re1 Qd7 20.Qd3 Kf7 21.b4 a6 22.a4 Rfe8
23.h3 Bf8 24.Rxe8 Qxe8 25.f3 Qd8 26.Re1 Qd7 27.Rb1 Qf5 28.Qxf5 gxf5 29.b5 axb5
30.axb5 g5 31.bxc6 bxc6 32.Rb6 Rc8 33.Bb8 f4 34.Kf2 Kg6 35.h4 Kh5 36.hxg5 fxg5
37.Be5 Kg6 38.g3 fxg3+ 39.Kxg3 Kf5 40.Rb7 Ke6 41.Rh7 Be7 42.Kg4 Ra8 43.Rh6+ Kd7
44.Bd6 Bd8 45.Kf5 Ra3 46.Rh7+ Kc8 47.Ke6 Rxf3 48.Be5 Rf1 49.Kd6 Bf6 50.Kxc6 Bxe5
51.dxe5 d4 52.Kb6 d3 53.c6  1-0

[Event "Lloyds Bank op"]
[Site "London"]
[Date "1989.??.??"]
[Round "?"]
[White "Lanka, R."]
[Black "Speelman, Jonathan S"]
[Result "1/2-1/2"]
[WhiteElo "2320"]
[BlackElo "2615"]

1.d4 Nf6 2.Nf3 e6 3.c4 b6 4.Nc3 Bb7 5.a3 d5 6.cxd5 Nxd5 7.Qc2 Nxc3 8.Qxc3 Nd7
9.Bg5 Be7 10.Bxe7 Kxe7 11.g3 Nf6 12.Bg2 Rc8 13.b4 Be4 14.O-O Qd5 15.Rfd1 Rhd8
16.Ne1 Bxg2 17.Nxg2 c5 18.bxc5 bxc5 19.Ne3 Qh5 20.dxc5 Qxe2 21.Nf5+ Kf8 22.Nd6 Ne4
23.Qd4 Ng5 24.Kg2 Qf3+ 25.Kf1 f6 26.h4 Nf7 27.Qa4 Rxc5 28.Nxf7 Rdc8 29.Kg1 Kxf7
30.Qd7+ Kg6 31.Qxe6 Rc2 32.Rf1 R8c4 33.Rae1 R2c3 34.Re5 Kh6 35.Rf5 Qg4 36.Re1 Rxg3+
37.fxg3 Qxg3+ 38.Kf1 Qh3+ 39.Kf2 Qxh4+ 40.Kf1 Qh3+ 41.Kf2 Rc2+ 42.Re2 Qh2+
43.Kf3 Qh3+ 44.Kf2 Qh2+ 45.Kf3 Rc3+ 46.Re3 Qh1+ 47.Kg3 Qg1+ 48.Kf3  1/2-1/2

[Event "BCF-ch"]
[Site "Eastbourne"]
[Date "1990.??.??"]
[Round "?"]
[White "Speelman, Jonathan S"]
[Black "Wells, Peter K"]
[Result "1-0"]
[WhiteElo "2610"]
[BlackElo "2410"]

1.e4 e5 2.Nf3 Nc6 3.Bc4 Nf6 4.d3 Be7 5.O-O O-O 6.Re1 d6 7.a4 a5 8.c3 Bg4
9.Nbd2 Nd7 10.h3 Be6 11.Qe2 Bf6 12.Nh2 Bxc4 13.Nxc4 Nc5 14.Be3 Ne6 15.Rad1 g6
16.Qc2 Bg7 17.Qb3 Qd7 18.Nf3 Rfd8 19.Ng5 Nf8 20.Re2 b6 21.d4 exd4 22.cxd4 d5
23.Ne5 Nxe5 24.dxe5 Bxe5 25.Rxd5 Qe7 26.Rxe5 Qxe5 27.Qxf7+ Kh8 28.Bf4 Qg7
29.Qb3 Rd7 30.Bd2 h6 31.Bc3 Rd4 32.Nf3 c5 33.Rd2 Rad8 34.Qxb6  1-0

[Event "BCF-ch"]
[Site "Eastbourne"]
[Date "1990.??.??"]
[Round "?"]
[White "Speelman, Jonathan S"]
[Black "Mestel, A Jonathan"]
[Result "1/2-1/2"]
[WhiteElo "2610"]
[BlackElo "2525"]

1.Nf3 d6 2.d4 Nf6 3.c3 g6 4.Bg5 Bg7 5.Nbd2 Bf5 6.h3 Ne4 7.Nxe4 Bxe4 8.Nd2 Bc6
9.Qb3 Nd7 10.e4 O-O 11.a4 Qe8 12.Be3 e6 13.Be2 b6 14.O-O a5 15.Rfe1 Bb7 16.Bg5 e5  1/2-1/2

[Event "BCF-ch"]
[Site "Eastbourne"]
[Date "1990.??.??"]
[Round "?"]
[White "Speelman, Jonathan S"]
[Black "Flear, Glenn C"]
[Result "1/2-1/2"]
[WhiteElo "2610"]
[BlackElo "2470"]

1.e4 e5 2.Nf3 Nc6 3.Bc4 Nf6 4.d3 Bc5 5.c3 a6 6.O-O d6 7.Bb3 Ba7 8.Nbd2 O-O
9.Nc4 Ne7 10.Bg5 Ng6 11.Nh4 Bg4 12.Qc2 Qd7 13.Nxg6 hxg6 14.Rae1 Rfe8 15.Kh1 Be6
16.Qe2 Bxc4 17.Bxc4 d5 18.exd5 Nxd5 19.Qf3 c6 20.Re4 Qf5 21.Qg3 Bb6 22.Kg1 Nf6
23.Bxf6 gxf6 24.Rfe1 Kg7 25.d4 Bc7 26.dxe5  1/2-1/2

[Event "BCF-ch"]
[Site "Eastbourne"]
[Date "1990.??.??"]
[Round "?"]
[White "Adams, Michael"]
[Black "Speelman, Jonathan S"]
[Result "1/2-1/2"]
[WhiteElo "2555"]
[BlackElo "2610"]

1.e4 e5 2.Nf3 Nc6 3.Bc4 Nf6 4.d3 Bc5 5.c3 a6 6.Bb3 d6 7.Nbd2 O-O 8.O-O Ra7
9.Nc4 h6 10.h3 Be6 11.Re1 Re8 12.Be3  1/2-1/2

[Event "BCF-ch"]
[Site "Eastbourne"]
[Date "1990.??.??"]
[Round "?"]
[White "Large, Peter G"]
[Black "Speelman, Jonathan S"]
[Result "1/2-1/2"]
[WhiteElo "2325"]
[BlackElo "2610"]

1.e4 c6 2.d4 d5 3.exd5 cxd5 4.Bd3 Nc6 5.c3 g6 6.Bf4 Bf5 7.Bxf5 gxf5 8.Ne2 Nf6
9.Nd2 Rg8 10.Nf3 e6 11.Bg5 Be7 12.Bxf6 Bxf6 13.g3 Qc7 14.Nf4 O-O-O 15.Qe2 Be7
16.Ne5 Bd6 17.Nxc6 Qxc6 18.Nd3 Rg4 19.f3 Rg6 20.O-O-O h5 21.Kb1 Kb8 22.f4 h4
23.Rdg1 Rdg8 24.Qe3 Qb5 25.Ne5 Bxe5 26.Qxe5+ Ka8 27.Qe3 a6 28.a3 Ka7 29.Ka1 Rg4
30.gxh4 Rg2 31.Rxg2 Rxg2 32.Rb1 Qe2 33.Qe5 Qc4 34.Qf6 Qc7 35.Qe5 Kb6 36.Rh1 Rg4
37.h5 Rh4 38.Rg1 Rxh2 39.Qxc7+ Kxc7 40.Rg7 Rxh5 41.Rxf7+ Kc6 42.Re7 Rh1+
43.Ka2 Re1 44.a4 a5  1/2-1/2

[Event "Hastings9091"]
[Site "Hastings"]
[Date "1990.??.??"]
[Round "?"]
[White "Speelman, Jonathan S"]
[Black "Kosten, Anthony C"]
[Result "1-0"]
[WhiteElo "2605"]
[BlackElo "2510"]

1.Nf3 Nf6 2.c4 e6 3.Nc3 Bb4 4.e3 O-O 5.Be2 d5 6.a3 Be7 7.d4 b6 8.O-O Bb7
9.b4 a5 10.b5 dxc4 11.Qc2 Nd5 12.Bb2 Nxc3 13.Qxc3 c6 14.bxc6 Bxc6 15.Qxc4 b5
16.Qc2 Qb6 17.Ne5 Bd5 18.Bd3 g6 19.Qe2 b4 20.axb4 Bxb4 21.e4 Bb7 22.d5 exd5
23.exd5 Qd6 24.Qf3 f6 25.Nc4 Bxd5 26.Qe3 Bxc4 27.Bxc4+ Kg7 28.h4 Nc6 29.Rad1 Qe7
30.Qh3 Rad8 31.h5 Ne5 32.h6+ Kh8 33.Bb3 Rd2 34.Rxd2 Bxd2 35.Rd1 Bb4 36.f4 Nc6
37.Qf3 Bc5+ 38.Kh1 Nb4 39.f5 Bd6 40.Rxd6 Qxd6 41.Qb7  1-0

[Event "Hastings9091"]
[Site "Hastings"]
[Date "1990.??.??"]
[Round "?"]
[White "Speelman, Jonathan S"]
[Black "Larsen, Bent"]
[Result "1-0"]
[WhiteElo "2605"]
[BlackElo "2545"]

1.d4 Nf6 2.Nf3 g6 3.c4 Bg7 4.Nc3 O-O 5.e4 d6 6.Be2 c5 7.d5 e6 8.O-O Re8 9.h3 exd5
10.exd5 Qb6 11.Bd3 Na6 12.a3 Bd7 13.Rb1 Nh5 14.Bd2 f5 15.Ne2 Nc7 16.b4 Qa6
17.b5 Qb6 18.Nc3 Bxc3 19.Bxc3 a6 20.bxa6 Qxa6 21.Qd2 Re7 22.a4 b6 23.Rfe1 Rae8
24.Rxe7 Rxe7 25.Qg5 Kf7 26.Bf1 Ne8 27.Qh6 Kg8 28.Ng5 Nhf6 29.a5 bxa5 30.Rb8 Bc8
31.Bd3 a4 32.Bxf6 Nxf6 33.Bxf5 Re8 34.Be6+ Kh8 35.Nf7+ Kg8 36.Nxd6+  1-0